|
|
|
|
| LEADER |
00000nab a2200000uu 4500 |
| 001 |
vtls011439765 |
| 003 |
SK-MaSNL |
| 005 |
20260303123054.0 |
| 008 |
230213|1963 xo |||||||||||||||||cze| |
| 015 |
|
|
|a SNBRB
|
| 035 |
|
|
|a (urnnbn)urn:nbn:sk:snk:ar-002xaf
|
| 035 |
|
|
|a (uuid)ca4ad7fc-7e24-410d-968a-b3de8bd18683
|
| 035 |
|
|
|a urn:nbn:sk:snk-abcee4
|
| 040 |
|
|
|a SNKBUCL
|b slo
|c SNKBUCL
|e AACR2
|
| 041 |
0 |
|
|a cze
|
| 044 |
|
|
|a xo
|c SK
|
| 100 |
1 |
|
|a Neuhäuslová, Zdenka,
|d 1934-2021
|4 aut
|9 210853
|
| 245 |
1 |
0 |
|a K PROBLEMATICE FYTOCENOLOGICKÉHO TŘÍDĚNÍ HABROVÝCH DOUBRAV
|c Zdenka Neuhäuslová-Novotná
|
| 773 |
0 |
|
|t Biológia : časopis Slovenskej akadémie vied
|g Roč. 18, č. 9 (1963), s. 663-673
|
| 954 |
|
|
|a odborná, vedecká literatúra pôvodná (slovenská)
|2 lita
|
| 958 |
|
|
|a OND
|
| 958 |
|
|
|a EUIPO
|
| 958 |
|
|
|a article16
|
| 999 |
|
|
|c 1923113
|d 1925043
|